The love life: (Record no. 5755)

000 -LEADER
fixed length control field 00679nam a2200193 a 4500
001 - CONTROL NUMBER
control field :::00003497$&:&@@
003 - CONTROL NUMBER IDENTIFIER
control field OkBaRHE
005 - DATE AND TIME OF LATEST TRANSACTION
control field 20100401124937.0
008 - FIXED-LENGTH DATA ELEMENTS--GENERAL INFORMATION
fixed length control field s1980 j 000 0 eng u
040 ## - CATALOGING SOURCE
Transcribing agency
100 1# - MAIN ENTRY--PERSONAL NAME
Personal name Scroggie, W. Graham (William Graham), 1877-1958.
245 14 - TITLE STATEMENT
Title The love life:
Remainder of title I Corinthians 13.
260 ## - PUBLICATION, DISTRIBUTION, ETC. (IMPRINT)
Place of publication, distribution, etc Grand Rapids, MI., :
Name of publisher, distributor, etc Kregel Publications
Date of publication, distribution, etc 1980
300 ## - PHYSICAL DESCRIPTION
Extent 95 p. ;
Dimensions 19 cm.
650 ## - SUBJECT ADDED ENTRY--TOPICAL TERM
Topical term or geographic name as entry element Bible New Testament 1 Corinthians 13
General subdivision Criticism, Interpretation, etc.
650 ## - SUBJECT ADDED ENTRY--TOPICAL TERM
Topical term or geographic name as entry element Love
General subdivision Biblical Teaching
942 ## - ADDED ENTRY ELEMENTS (KOHA)
Source of classification or shelving scheme
Koha item type Books
Copies
Date last seen Withdrawn status Barcode Full call number Source of classification or shelving scheme Lost status Damaged status Date acquired Not for loan Price effective from Koha item type Copy number Shelving location Permanent Location
2018-04-03 3497BS 2675 .S37 1980   2010-04-14 2010-04-14Books1General StacksRHEMA Bible Training College